00273nam a2200097Ia 4500008004100000100002400041245003200065260004800097300000900145650002100154190216s9999||||xx |||||||||||||| ||und|| aKhanna & Tondon 0aAir Force Recruitment Tests b"Neelam Agencies Publications, Agra"c1985 a230p aRecruitment Test